Phương pháp giảng dạy Vật lý Ở trường Phổ thông T.2 Phương pháp giảng dạy Vật lý

Αποθηκεύτηκε σε:
Λεπτομέρειες βιβλιογραφικής εγγραφής
Κύριος συγγραφέας: Nguyễn Văn Đồng (Chủ biên)
Μορφή: Βιβλίο
Γλώσσα:Vietnamese
Έκδοση: H. Giáo dục 1980
Θέματα:
Ετικέτες: Προσθήκη ετικέτας
Δεν υπάρχουν, Καταχωρήστε ετικέτα πρώτοι!
Thư viện lưu trữ: Mạng thư viện Đại học Đà Nẵng
LEADER 01158nam a2200313 4500
001 000008377
003 4564
005 20111017111038.0
008 111017s1980 viesd
020 |c 080đ 
041 0 |a vie 
082 |a 530.07  |b Phư 
100 0 |a Nguyễn Văn Đồng  |e Chủ biên 
245 1 0 |a Phương pháp giảng dạy Vật lý  |b Ở trường Phổ thông  |c Nguyễn Văn Đồng  |n T.2  |p Phương pháp giảng dạy Vật lý 
260 |a H.  |b Giáo dục  |c 1980 
300 |a 128 tr.  |c 21 cm 
653 |a Tài liệu tham khảo 
700 |a Nguyễn Văn Đồng  |e Chủ biên 
773 |t Phương pháp giảng dạy Vật lý ở trường Phổ thông  |w 4559 
OWN |a LSP 
AVA |a UDN50  |b LSP  |d 530.07 Phư  |e unavailable  |t Error 5002 Not defined in file expand_doc_bib_avail.  |f 1  |g 1  |h N  |i 0  |k 1 
999 |a From the UDN01 
AVA |a UDN50  |b LSP  |d 530.07 Phư  |e unavailable  |t Error 5002 Not defined in file expand_doc_bib_avail.  |f 1  |g 1  |h N  |i 0  |k 1 
TYP |a Monograph 
TYP |a Printed language 
980 |a Mạng thư viện Đại học Đà Nẵng